000 00313nam a2200121Ia 4500
008 190216s9999||||xx |||||||||||||| ||und||
100 _aVinod A & Assan Kutty
245 0 _aFundamentals Of Financial Management And Auditing
260 _bKalyani Pub
_c2002
300 _a416p
650 _aCommerce
942 _cBK
999 _c6468
_d6468